000
00333nam a2200145Ia 4500
005
20251222153642.0
008
251222s9999||||xx |||||||||||||| ||spa||
020
_a
8434412489
082
_a
616.6/R59
100
_a
Rial, Rubén V.
245
0
_a
Sexosofía:
250
_a
1ra. ed.
264
_b
Editorial Ariel, S.A.
942
_c
LIB
999
_c
32779
_d
32779